Yes, hutoxi! / (Record no. 59656)
[ view plain ]
| 000 -LEADER | |
|---|---|
| fixed length control field | 00637nam a22001937a 4500 |
| 005 - DATE AND TIME OF LATEST TRANSACTION | |
| control field | 20111219165120.0 |
| 020 ## - INTERNATIONAL STANDARD BOOK NUMBER | |
| International Standard Book Number | 8181467698 |
| Terms of availability | 115.00 |
| 020 ## - INTERNATIONAL STANDARD BOOK NUMBER | |
| International Standard Book Number | 9788181467690 |
| Terms of availability | 115.00 |
| 037 ## - SOURCE OF ACQUISITION | |
| Source of stock number/acquisition | PUB |
| 100 ## - MAIN ENTRY--PERSONAL NAME | |
| Personal name | Chadha, Radhika |
| 245 ## - TITLE STATEMENT | |
| Title | Yes, hutoxi! / |
| Statement of responsibility, etc | by Radhika Chadha; pictures by Priya Kuriyan |
| 260 ## - PUBLICATION, DISTRIBUTION, ETC. (IMPRINT) | |
| Place of publication, distribution, etc | Chennai |
| Name of publisher, distributor, etc | Tulika Publishers |
| Date of publication, distribution, etc | 2009 |
| 270 ## - ADDRESS | |
| Address | 13, Prithvi Avenue, Abhiramaouram |
| City | Chennai |
| Postal code | 600 018 |
| 300 ## - PHYSICAL DESCRIPTION | |
| Extent | unpaged |
| Other physical details | ill. |
| Dimensions | 23cm(pbk) |
| 650 ## - SUBJECT ADDED ENTRY--TOPICAL TERM | |
| Topical term or geographic name as entry element | Stories |
| 700 ## - ADDED ENTRY--PERSONAL NAME | |
| Personal name | Kuriyan, Priya |
| 9 (RLIN) | 37178 |
| 942 ## - ADDED ENTRY ELEMENTS (KOHA) | |
| Source of classification or shelving scheme | Dewey Decimal Classification |
| Item type | Children Books |
| Call number suffix | CHA |
| Withdrawn status | Lost status | Not for loan | Home library | Current library | Date acquired | Cost, normal purchase price | Full call number | Cost, replacement price | Koha item type |
|---|---|---|---|---|---|---|---|---|---|
| Ordered | Andrews Gunj | Andrews Gunj | 19/12/2011 | 115.00 | CHA | 115.00 | Children Books |
